Normal view MARC view
  • Lewis, Richard J.,

Entry Personal Name

Number of records used in: 3

001 - CONTROL NUMBER

  • control field: 528

003 - CONTROL NUMBER IDENTIFIER

  • control field: NUST

005 - DATE AND TIME OF LATEST TRANSACTION

  • control field: 20170511140428.0

008 - FIXED-LENGTH DATA ELEMENTS

  • fixed length control field: 170511|| aca||aabn | a|a d

040 ## - CATALOGING SOURCE

  • Original cataloging agency: NUST
  • Transcribing agency: NUST

100 ## - HEADING--PERSONAL NAME

  • Personal name: Lewis, Richard J.,
  • Titles and other words associated with a name: Sr.,
  • Dates associated with a name: 1939-

670 ## - SOURCE DATA FOUND

  • Source citation: Work cat.: (NUST)0: Hawley's condensed chemical dictionary., c1987.
© 2023 Central Library, National University of Sciences and Technology. All Rights Reserved.